| 000 | 00630nam a2200205Ia 4500 | ||
|---|---|---|---|
| 008 | 151119s9999||||xx |||||||||||||| ||und|| | ||
| 082 | _a891.461दिघे/सावळ्या | ||
| 082 | _bGKKV34136 | ||
| 100 | _a"दिघे, अनघा" | ||
| 245 | _aसावळ्या रे | ||
| 260 | _aमुंबई | ||
| 260 | _bअविष्कार पब्लिकेशन | ||
| 260 | _c2003 | ||
| 300 | _a93p. | ||
| 600 | _a"दिघे, अनघा" | ||
| 630 | _aसावळ्या रे | ||
| 700 | _a"दिघे, अनघा" | ||
| 730 | _aसावळ्या रे | ||
| 942 | _cBOOK | ||
| 999 |
_c1086429 _d1086426 |
||